[Event "Tungsram"]
[Site "Budapest"]
[Date "1977.??.??"]
[Round "?"]
[White "Vadasz, Laszlo"]
[Black "Castro Rojas, Oscar Humberto"]
[Result "0-1"]
[WhiteElo "2495"]
[BlackElo "2410"]

1.Nf3 d5 2.g3 Nc6 3.d4 Bf5 4.Bg2 Qd7 5.c4 dxc4 6.Nc3 O-O-O 7.d5 Nb4 8.Ne5 Qe8
9.e4 e6 10.a3 Nxd5 11.exd5 exd5 12.O-O Qxe5 13.Bf4 Qe8 14.Re1 Qd7 15.Qd4 Kb8
16.Nxd5 Nf6 17.Qxc4 Nxd5 18.Bxd5 Bd6 19.Bxd6 Qxd6 20.Bxb7 Be6 21.Qe4 Qb6
22.Bc6 Rd2 23.Qf4 Rhd8 24.Bg2 g5 25.Qf6 Bb3 26.Qf5 g4 27.Rac1 Be6 28.Qf6 Qd4
29.Qxd4 R8xd4 30.b4 Ra2 31.Red1 Rxd1+ 32.Rxd1 a6 33.Bd5 Bxd5 34.Rxd5 Rxa3
35.Rf5 Rb3 36.Rxf7 Rxb4 37.Rxh7 a5 38.Kg2 Kb7 39.h3 gxh3+ 40.Rxh3 a4 41.Rh1 c5
42.Kf3 Kc6 43.g4 Kd5 44.Rh8 Kc4 45.g5 Rb7 46.Ke4 a3 47.f4 Re7+ 48.Kf5 Ra7
49.Rh1 a2 50.Ra1 Kb3  0-1

[Event "Club Argentino"]
[Site "Buenos Aires"]
[Date "1977.??.??"]
[Round "1"]
[White "Garcia, Raimundo"]
[Black "Seidler, A."]
[Result "1-0"]
[WhiteElo "2435"]
[BlackElo "2415"]

1.Nf3 d5 2.g3 c5 3.Bg2 Nc6 4.O-O Nf6 5.d3 e6 6.Nbd2 Be7 7.e4 O-O 8.Re1 a6
9.e5 Ne8 10.Nf1 f6 11.Bf4 fxe5 12.Nxe5 Bf6 13.Nd2 Nxe5 14.Bxe5 Bxe5 15.Rxe5 Qf6
16.f4 Nd6 17.c3 Bd7 18.Nf3 Rae8 19.Re2 Nf7 20.Ne5 Nxe5 21.Rxe5 Qd8 22.Qe2 g6
23.Re1 Rf5 24.c4 Rxe5 25.Qxe5 dxc4 26.dxc4 Qb6 27.Rd1 Bc8 28.h4 Kf7 29.h5 Rd8
30.hxg6+ hxg6 31.Rxd8 Qxd8 32.Qxc5 b6 33.Qe3 Qd1+ 34.Kf2 Bd7 35.Bf3 Qa4 36.Qd2 Ke7
37.b3 Qa3 38.Be4 Be8 39.Kf3 a5 40.Qd4 Qxa2 41.Qxb6 Qa1 42.Qc5+ Kf7 43.Qc7+ Kg8
44.Kg4 Qd1+ 45.Kg5 Qxb3 46.Kf6 Qc3+ 47.Ke7 Qg7+ 48.Kd8 Qxc7+ 49.Kxc7 a4 50.Kd6 a3
51.Bb1 Kf7 52.g4 g5 53.fxg5 Ba4 54.c5 Bd1 55.c6 Bxg4 56.c7 e5 57.Kxe5 Bc8
58.Kd6 Kg7 59.Kc5 Kf7 60.Kb4 a2 61.Bxa2+ Kg6 62.Kc5 Kxg5 63.Kd6 Kf6 64.Bd5 Bg4
65.Bc6 Bc8 66.Bd7 Ba6 67.Kc6  1-0

[Event "Club Argentino"]
[Site "Buenos Aires"]
[Date "1977.??.??"]
[Round "4"]
[White "Rossetto, Hector"]
[Black "Amado, Claudio"]
[Result "1/2-1/2"]
[WhiteElo "2410"]
[BlackElo "2310"]

1.Nf3 d5 2.g3 g6 3.Bg2 Bg7 4.O-O e5 5.d3 Ne7 6.Nbd2 O-O 7.e4 Nbc6 8.c3 a5
9.Re1 a4 10.Qc2 Re8 11.Nf1 h6 12.Bd2 Be6 13.b4 axb3 14.axb3 Rxa1 15.Rxa1 f5
16.b4 fxe4 17.dxe4 dxe4 18.Ne1 Bf5 19.Bxe4 Bxe4 20.Qxe4 Qd5 21.Qxd5+ Nxd5
22.b5 Nce7 23.Ra7 Rb8 24.c4 Nb6 25.Ne3 e4 26.N1c2 Kf7 27.Kf1 Nec8 28.Ra2 Ra8
29.Rxa8 Nxa8 30.Ke2 c6 31.bxc6 bxc6 32.Nb4 Ne7 33.c5 Nc7 34.Nc4 Ncd5 35.Nd6+ Ke6
36.Nxe4 Nxb4 37.Bxb4 Kd5 38.Kd3 Nf5 39.Bd2 Nd4 40.Nc3+ Ke6 41.Be3 Nf3 42.Ke4 Nxh2
43.Ne2 Ng4 44.Bd4 Bf8  1/2-1/2

[Event "Club Argentino"]
[Site "Buenos Aires"]
[Date "1977.??.??"]
[Round "6"]
[White "Sanguineti, Raul"]
[Black "Amado, Claudio"]
[Result "1/2-1/2"]
[WhiteElo "2505"]
[BlackElo "2310"]

1.Nf3 d5 2.g3 c5 3.Bg2 Nc6 4.d4 e6 5.O-O Nf6 6.c4 Be7 7.cxd5 exd5 8.dxc5 Bxc5
9.Nbd2 O-O 10.Nb3 Bb6 11.Nbd4 Re8 12.b3 Nxd4 13.Nxd4 Bxd4 14.Qxd4 Rxe2 15.Bg5 Bf5
16.Rfe1 Rxe1+ 17.Rxe1 Be6 18.Rd1 h6 19.Bxf6 Qxf6 20.Qxf6 gxf6 21.Bxd5 Bxd5
22.Rxd5 Rc8 23.Rd7 Rc2 24.a3 Ra2 25.a4 b6 26.g4 Rb2 27.Rd3 Kg7 28.Kg2 Kg6
29.Rf3 Rd2 30.Rc3 Rd4 31.h3 Rb4 32.Rf3 a5 33.Kf1 b5 34.axb5 Rxb5  1/2-1/2

[Event "Club Argentino"]
[Site "Buenos Aires"]
[Date "1977.??.??"]
[Round "8"]
[White "Rossetto, Hector"]
[Black "Seidler, A."]
[Result "1/2-1/2"]
[WhiteElo "2410"]
[BlackElo "2415"]

1.Nf3 d5 2.g3 c5 3.Bg2 Nc6 4.O-O Nf6 5.d3 e6 6.Nbd2 Be7 7.e4 O-O 8.Re1 a6
9.c3 Bd7 10.Nf1 Rc8 11.e5 Ne8 12.c4 Nc7 13.h4 f5 14.Bf4 Be8 15.a3 Nd4 16.Nxd4 cxd4
17.Rc1 Bc6 18.Nd2 dxc4 19.dxc4 Bxg2 20.Kxg2 Qd7 21.Nf3 Rfd8 22.Re2 Qc6 23.Rd2 h6
24.h5 Qe8 25.Nxd4 Bg5 26.Qf3 Bxf4 27.gxf4 Nb5 28.Rcd1 Rxc4 29.Nxf5 Rxd2 30.Rxd2 Qf8
31.Qb3 Rc6 32.Nh4 Qe8 33.Ng6 b6 34.f5 Nc7 35.Rd6 Rxd6 36.exd6 Qc6+ 37.Qf3 Qxd6
38.f6 gxf6 39.Qxf6 Qd5+ 40.Kg3 Qg5+ 41.Qxg5 hxg5 42.Kg4 Nb5 43.Kxg5 Nd6 44.f3 Nc4
45.Kf6 Nxb2 46.Kxe6 Nc4 47.f4 Nxa3 48.f5 Nb5 49.Ne7+ Kh7 50.f6 Nd4+ 51.Kd7 Nf3
52.Ke8 Ng5  1/2-1/2

[Event "Club Argentino"]
[Site "Buenos Aires"]
[Date "1977.??.??"]
[Round "8"]
[White "Sanguineti, Raul"]
[Black "Benko, Francisco"]
[Result "1-0"]
[WhiteElo "2505"]
[BlackElo "2290"]

1.Nf3 d5 2.g3 g6 3.Bg2 Bg7 4.d4 c6 5.O-O Nd7 6.Nbd2 Ngf6 7.c4 e6 8.Qc2 O-O
9.e4 dxe4 10.Nxe4 Nxe4 11.Qxe4 Re8 12.Rd1 Qa5 13.Qh4 Qh5 14.Qxh5 gxh5 15.Bf4 e5
16.d5 c5 17.Ng5 Bf8 18.d6 Bh6 19.Bd5 Bxg5 20.Bxg5 Rb8 21.a4 Kg7 22.Bf3 Nf8
23.Bxh5 Bd7 24.Rd5 b6 25.Be7 Ng6 26.Bxg6 hxg6 27.a5 Rb7 28.axb6 axb6 29.Rxe5 Bc6
30.f3 Bd7 31.g4 f6 32.Re3 Reb8 33.g5 fxg5 34.Bxg5 Re8 35.Be7 Kf7 36.Kf2 Be6
37.b3 Bd7 38.h4 Reb8 39.Re5 Rc8 40.Rae1 Ra7 41.Bg5 Re8 42.Re7+ Rxe7 43.Rxe7+ Kg8
44.Kg3 Rb7 45.Kf4 Kf8 46.Ke5  1-0

[Event "Club Argentino"]
[Site "Buenos Aires"]
[Date "1977.??.??"]
[Round "10"]
[White "Garcia, Raimundo"]
[Black "Benko, Francisco"]
[Result "1-0"]
[WhiteElo "2435"]
[BlackElo "2290"]

1.Nf3 d5 2.g3 Bg4 3.Bg2 Nf6 4.Ne5 Bh5 5.c4 e6 6.Qb3 Qc8 7.cxd5 exd5 8.Bxd5 Nxd5
9.Qxd5 c6 10.Qe4 Qe6 11.Nc3 Na6 12.g4 Bg6 13.Nxg6 hxg6 14.Qxe6+ fxe6 15.d3 Be7
16.Bf4 Kd7 17.O-O-O Raf8 18.Bg3 Rh3 19.Ne4 Nc5 20.f3 Nxe4 21.dxe4+ Ke8 22.Rd3 Bg5+
23.Kc2 Rhh8 24.Rhd1 Rf7 25.Rd6 Be7 26.Rd7 Bh4 27.Rxf7 Bxg3 28.hxg3 Kxf7 29.Rd7+ Kf6
30.Rxb7 Rh3 31.Rxa7 Rxg3 32.Rc7 Rg2 33.Kd3 Rg1 34.Rxc6 Rd1+ 35.Kc2 Re1 36.Kd2 Ra1
37.a3 Rb1 38.Rb6 Ke5 39.Ke3 g5 40.a4 Rc1 41.Rb5+ Kf6 42.e5+ Kg6 43.a5 Kh6
44.Rb6 Rc4 45.Rxe6+ g6 46.a6 Rc7 47.Rb6  1-0

[Event "ITA-ch38"]
[Site "Castelvecchio Pascoli"]
[Date "1977.??.??"]
[Round "12"]
[White "Zichichi, Alvise"]
[Black "Cappello, Renato"]
[Result "0-1"]
[WhiteElo "2350"]
[BlackElo "2345"]

1.Nf3 d5 2.g3 c5 3.Bg2 Nc6 4.O-O e5 5.d3 Nf6 6.Nbd2 Be7 7.e4 dxe4 8.dxe4 O-O
9.c3 Qc7 10.Re1 Rd8 11.Qc2 h6 12.Nf1 Be6 13.Ne3 b5 14.Nf5 Bf8 15.h3 c4 16.g4 Rd3
17.Nh2 Bxf5 18.gxf5 Bc5 19.Bf1 Rad8 20.b4 Rxc3 21.Qxc3 Bxb4 22.Qe3 Nd4 23.Re2 Bc5
24.Ng4 Nxg4 25.hxg4 Nb3 26.axb3 Bxe3 27.Bxe3 cxb3 28.Rb2 Qc3 29.Rab1 a6 30.Rxb3 Qc2
31.f3 Rd1 32.Rxd1 Qxd1 33.Rd3 Qxf3 34.Bg2 Qxg4 35.Rd8+ Kh7 36.Rd7 b4 37.Kf2 b3
38.Bf3 Qh4+ 39.Ke2 Qf6 40.Bh5 Qc6 41.Rxf7 b2 42.Bg6+ Kg8 43.Bxh6 gxh6 44.f6 Qc4+
45.Kd2 b1=N+  0-1

[Event "ITA-ch38"]
[Site "Castelvecchio Pascoli"]
[Date "1977.??.??"]
[Round "12"]
[White "Cosulich, Roberto"]
[Black "Rupeni, Franco"]
[Result "1/2-1/2"]
[WhiteElo "2425"]
[BlackElo "2105"]

1.Nf3 d5 2.g3 Bg4 3.Bg2 Nd7 4.O-O Ngf6 5.c4 c6 6.d4 e6 7.b3 Be7 8.Bb2 O-O
9.Ne5 Nxe5 10.dxe5 Nd7 11.cxd5 cxd5 12.Nd2 Qb6 13.Nf3 Rac8  1/2-1/2

[Event "CSR-ch int"]
[Site "Decin"]
[Date "1977.??.??"]
[Round "3"]
[White "Meduna, Eduard"]
[Black "Bednarski, Jacek B"]
[Result "1/2-1/2"]
[WhiteElo "2390"]
[BlackElo "2400"]

1.Nf3 d5 2.g3 g6 3.Bg2 Bg7 4.c4 c6 5.cxd5 cxd5 6.d4 Nf6 7.Nc3 O-O 8.O-O e6
9.Ne5 Nfd7 10.Nxd7 Bxd7 11.b3 Qb6 12.e3 Rc8 13.Bd2 a5 14.Bh3 Bc6 15.Qb1 Bf8
16.a3 Nd7 17.Rc1 Qd8 18.Bf1 Nb6 19.Qb2 a4 20.Nxa4 Nxa4 21.bxa4 Rxa4 22.Bb4 Qb6
23.Rab1 Rca8 24.Qc3 Qd8 25.Be2 h5 26.Qe1 Bd6 27.Bd3 Kg7 28.Qe2 Qd7 29.h4 R4a7
30.Rb2 Rh8 31.Rbb1 Raa8 32.Kg2 Ra7 33.Kg1 Be7 34.Qf3 Bd6 35.Kg2 Qe7 36.Qf4 Rd8
37.Bb5 Bxb4 38.Rxb4 Rxa3 39.Rb2 Rc8 40.Bxc6 Rxc6 41.Qe5+ Qf6  1/2-1/2

[Event "CSR-ch int"]
[Site "Decin"]
[Date "1977.??.??"]
[Round "7"]
[White "Rukavina, Josip"]
[Black "Prandstetter, Eduard"]
[Result "1-0"]
[WhiteElo "2410"]
[BlackElo "2385"]

1.Nf3 d5 2.g3 g6 3.Bg2 Bg7 4.O-O e5 5.d3 Ne7 6.Nbd2 O-O 7.e4 d4 8.Nc4 b5
9.Na3 a6 10.c3 dxc3 11.bxc3 Bb7 12.Qb3 Nd7 13.Be3 c5 14.Nc2 Qc7 15.Nd2 Nc8
16.a4 bxa4 17.Qxa4 Bc6 18.Qa5 Qd6 19.Na3 f5 20.Nb3 Ne7 21.Nxc5 f4 22.Nc4 Qf6
23.Bh3 Nxc5 24.Bxc5 Bb5 25.Qc7  1-0

[Event "DDR-ch (Women)"]
[Site "Frankfurt/Oder"]
[Date "1977.??.??"]
[Round "11"]
[White "Braun, Regine"]
[Black "Walther, Diana"]
[Result "1/2-1/2"]
[WhiteElo "1805"]
[BlackElo "1790"]

1.Nf3 d5 2.g3 Nf6 3.Bg2 Bf5 4.O-O c6 5.d3 Nbd7 6.Nh4 Bg6 7.f4 e6 8.Nf3 Bd6
9.Nc3 O-O 10.Kh1 e5 11.f5 Bxf5 12.Nxe5 Be6 13.Nf3 Qc7 14.Bg5 Rfe8 15.Qd2 Bf5
16.Nh4 Bg4 17.Bxf6 Nxf6 18.Nf5 Bxf5 19.Rxf5 Bc5 20.e4 dxe4 21.Rxc5 e3 22.Qe2 Qb6
23.Rc4 h5 24.b3 Ng4 25.Kg1 Qd8 26.Bf3 Ne5 27.Rf4 g5 28.Rf5 Qd4 29.Qe1 Nxf3+
30.Rxf3 e2+ 31.Rf2 f5 32.Nxe2 Rxe2 33.Qxe2 Qxa1+ 34.Kg2 Qf6 35.Qxh5 Kg7 36.Re2 Rh8
37.Qf3 Rf8 38.Qe3 Rf7 39.Qxa7 f4 40.Re4 fxg3 41.Qd4 gxh2 42.Qxf6+ Rxf6 43.Re2 Rh6
44.Kh1 Kf6 45.a4 c5 46.Rxh2 Rxh2+ 47.Kxh2 Ke5 48.c3 Kf4 49.a5 Ke3 50.b4 cxb4
51.cxb4  1/2-1/2

[Event "Favorite"]
[Site "Hamburg"]
[Date "1977.??.??"]
[Round "1"]
[White "Clemens, Christian"]
[Black "Kurajica, Bojan"]
[Result "1/2-1/2"]
[WhiteElo "2350"]
[BlackElo "2530"]

1.g3 d5 2.Nf3 c6 3.b3 Bg4 4.Ba3 Bxf3 5.exf3 e5 6.Bxf8 Kxf8 7.Bg2 Qf6 8.O-O h5
9.Nc3 g5 10.d4 Nd7 11.Ne2 Re8 12.c4 exd4 13.Nxd4 dxc4 14.bxc4 Rd8 15.Nb3 Kg7
16.Re1 Ne7 17.Qc2 Ng6 18.Rad1 Nde5 19.Nd2 Nd3 20.Re2 Nc5 21.Rb1 b6 22.Rbe1 Rd6
23.Nb3 Nd3 24.Rd1 Rhd8 25.Red2 Nge5 26.Nc1 Ne1 27.Rxd6 N1xf3+ 28.Kh1 Rxd6
29.Rxd6 Qxd6 30.Ne2 Qf6 31.Qe4 Nxh2 32.Nd4 Nhg4 33.Nf5+ Kf8 34.Kg1 Ng6 35.f3 Qa1+
36.Bf1 N4e5 37.f4 gxf4 38.gxf4 Nd7 39.Qxc6 Nf6 40.Qa8+ Ne8 41.Qxa7 Qf6 42.Qa3+ Kg8
43.Qe3 Qxf5 44.Qxe8+ Kg7 45.Qe3 Qg4+ 46.Kh1 Qxf4 47.Qxf4 Nxf4 48.c5 bxc5
49.a4 Nd5 50.a5 f5 51.a6 Nb6 52.a7 Kf6 53.Kg2 Ke5 54.Kg3 Ke4 55.Kh4 Kf3 56.Kxh5 Kf2
57.Kg5 Kxf1 58.Kxf5 Ke2 59.Ke4  1/2-1/2

[Event "Favorite"]
[Site "Hamburg"]
[Date "1977.??.??"]
[Round "4"]
[White "Webb, Simon"]
[Black "Rellstab, Ludwig Jr"]
[Result "1/2-1/2"]
[WhiteElo "2395"]
[BlackElo "2265"]

1.Nf3 d5 2.g3 Nf6 3.Bg2 g6 4.c4 c6 5.b3 Bg7 6.Bb2 O-O 7.O-O Nbd7 8.d3 Re8
9.Nc3 Nc5 10.cxd5 Nxd5 11.Rc1 Nxc3 12.Bxc3 Bxc3 13.Rxc3 Nd7 14.Qb1 Nf6 15.Qb2 Qd6
16.a3 Bd7 17.Rcc1 Rad8 18.b4 Bc8 19.Nd2 Nd7 20.Ne4 Qe5 21.Qb3 Nf6 22.Nxf6+ Qxf6
23.b5 cxb5 24.Qxb5 Qd6 25.Qa5 a6 26.Rb1 b5 27.Rfc1 Bd7 28.Bb7 Bc8 29.Bc6 Bd7
30.Bf3 Rc8 31.Bb7 Rxc1+ 32.Rxc1 e5 33.Qxa6 Qxa6 34.Bxa6 Ra8 35.Rc7 Be6 36.Bxb5 Rxa3
37.f3 Kg7 38.Kf2 Ra1 39.Rc5 Ra5 40.Rxe5 Bd7 41.Bxd7 Rxe5 42.f4 Ra5 43.g4 h6
44.h4 f6 45.Be6 g5 46.fxg5 fxg5 47.h5 Kf6 48.Bf5  1/2-1/2

[Event "Concordia"]
[Site "Hamburg"]
[Date "1977.??.??"]
[Round "4"]
[White "Wirthensohn, Heinz"]
[Black "Bednarski, Jacek B"]
[Result "1/2-1/2"]
[WhiteElo "2390"]
[BlackElo "2400"]

1.Nf3 d5 2.g3 Bg4 3.Bg2 Nd7 4.O-O c6 5.d3 e5 6.Nbd2 Qc7 7.e4 dxe4 8.dxe4 Bc5
9.c3 a5 10.h3 Bh5 11.Rb1 a4 12.b4 axb3 13.axb3 f6 14.b4 Be7  1/2-1/2

[Event "Concordia"]
[Site "Hamburg"]
[Date "1977.??.??"]
[Round "4"]
[White "Kirov, Nino"]
[Black "Castro Rojas, Oscar Humberto"]
[Result "1/2-1/2"]
[WhiteElo "2435"]
[BlackElo "2410"]

1.Nf3 d5 2.g3 Nc6 3.d4 Bf5 4.Bg2 Qd7 5.c4 dxc4 6.Nc3 O-O-O 7.O-O e6 8.Qa4 Kb8
9.Qxc4 Na5 10.Qb5 Qxb5 11.Nxb5 a6 12.Nc3 f6 13.Rd1 Ne7 14.h3 Nec6 15.b3 Be7
16.Bb2 Rd7 17.Rd2 Rhd8 18.Rad1 Bg6 19.e3 Nb4 20.Nh4 Bf7 21.Nf3 Bg6 22.Bf1 Ka7
23.Nh4 Bf7 24.Nf3 Be8 25.Be2 Bg6 26.Nh4 Bf7 27.Nf3 Be8 28.Kf1 Bh5 29.Ne1 Bxe2+
30.Kxe2 c5 31.dxc5 Rxd2+ 32.Rxd2 Rxd2+ 33.Kxd2 Bxc5 34.Nd3 Be7 35.Nf4 e5
36.Nfd5 Nac6 37.Nxe7 Nxe7 38.f4 exf4 39.exf4 h5 40.Ba3 a5 41.Ne4 Ned5 42.Bxb4 axb4
43.f5 Kb6 44.Kd3 Kc6 45.Kd4 b5 46.g4 hxg4 47.hxg4 Nf4 48.Ng3 Kd6 49.Ne4+ Kc6
50.g5 Ne2+ 51.Ke3 Nc3 52.gxf6 Nd5+ 53.Kd4 gxf6 54.Ng3 Ne7 55.Ke4 Kd6 56.Nh5 Nd5
57.Kd4  1/2-1/2

[Event "Concordia"]
[Site "Hamburg"]
[Date "1977.??.??"]
[Round "6"]
[White "Webb, Simon"]
[Black "Bednarski, Jacek B"]
[Result "1-0"]
[WhiteElo "2395"]
[BlackElo "2400"]

1.Nf3 d5 2.g3 g6 3.Bg2 Bg7 4.c4 c6 5.cxd5 cxd5 6.d4 Nf6 7.O-O O-O 8.Ne5 e6
9.Nc3 Nfd7 10.Nxd7 Bxd7 11.e4 dxe4 12.Nxe4 Bb5 13.Re1 Qxd4 14.Qxd4 Bxd4 15.Bh6 Bg7
16.Nf6+ Bxf6 17.Bxf8 Kxf8 18.Bxb7 Bc6 19.Bxa8 Bxa8 20.Rac1 Bc6 21.b4 Bd8
22.Red1 Ke7 23.g4 Bb6 24.Rd3 Bd7 25.Rdc3 e5 26.g5 Kd6 27.Rf3 Ke7 28.Rfc3 Na6
29.Rc4 Ke6 30.Kg2 Kf5 31.h4 Be6 32.a4 Bxc4 33.Rxc4 Ke6 34.a5 Kd5 35.Rc8 Bd4
36.b5 Nc5 37.Rc7 Nb3 38.b6 axb6 39.a6 b5 40.Rxf7 b4 41.Rxh7 Na5 42.a7  1-0

[Event "DSV-Turnier"]
[Site "Leipzig"]
[Date "1977.??.??"]
[Round "6"]
[White "Espig, Lutz"]
[Black "Petrosian, Arshak B"]
[Result "1/2-1/2"]
[WhiteElo "2485"]
[BlackElo "2345"]

1.Nf3 d5 2.g3 Nf6 3.Bg2 Bf5 4.O-O e6 5.b3 h6 6.Bb2 Be7 7.d3 O-O 8.Nbd2 Nbd7
9.Qe1 Bh7 10.e4 a5 11.a4 c6 12.Qe2 Qb6 13.Ne5 Nxe5 14.Bxe5 Qc5 15.exd5 cxd5
16.Nf3 Rac8 17.Rfc1 Nd7 18.Bb2 Bf6 19.Bxf6 Nxf6 20.c3 Qb6 21.Qd1 Nd7 22.d4 Rfd8
23.Bf1 Nf6 24.Nd2 Rc7 25.Bb5 Rdc8 26.Qf3 Ne4 27.Nxe4 Bxe4 28.Qe3 e5 29.f3 exd4
30.cxd4 Rxc1+ 31.Rxc1 Rxc1+ 32.Qxc1 Qxd4+ 33.Kg2 Bf5 34.g4 Be6 35.Qc7 b6
36.Bd7 Qd2+ 37.Kg3 Qe1+ 38.Kg2 Qe2+ 39.Kg3 Qe1+ 40.Kg2 Bxd7 41.Qxd7 Qe6 42.Qd8+ Kh7
43.h4 Qe2+ 44.Kg3 Qe5+ 45.Kf2 Qb2+ 46.Kg3 Qe5+ 47.Kf2 d4 48.h5 Qc5 49.Kg3 Qe5+
50.Kf2 Qh2+ 51.Kf1 Qh1+ 52.Kf2 Qh2+ 53.Kf1 Qf4 54.Kf2 Qe3+ 55.Kg2 Qe2+ 56.Kg3 Qe5+  1/2-1/2

[Event "Lublin"]
[Site "Lublin"]
[Date "1977.??.??"]
[Round "5"]
[White "Martinovic, Slobodan"]
[Black "Panchenko, Alexander N"]
[Result "0-1"]
[WhiteElo "2415"]
[BlackElo "2435"]

1.Nf3 d5 2.g3 g6 3.Bg2 Bg7 4.O-O e5 5.d3 Ne7 6.e4 O-O 7.c3 Nbc6 8.Nbd2 a5
9.a4 h6 10.exd5 Nxd5 11.Nc4 Bf5 12.Re1 Re8 13.Qb3 Bxd3 14.Ncxe5 Bxe5 15.Rd1 Nb6
16.Bf1 Bc4 17.Bxc4 Qf6 18.Rd3 g5 19.Kg2 Qg6 20.Re3 Bd6 21.Bd3 Qf6 22.Rxe8+ Rxe8
23.Be3 g4 24.Nh4 Ne5 25.Be2 Be7 26.Qb5 Rd8 27.Bd4 Qc6+ 28.Qxc6 Nxc6 29.Be3 Bg5
30.Bxg5 hxg5 31.Nf5 Rd2 32.Bxg4 Rxb2 33.Bf3 Ne5 34.Bxb7 Nd3 35.Rf1 Nc4 36.Ba6 Nce5
37.Bxd3 Nxd3 38.h4 gxh4 39.Nxh4 Rc2 40.Kf3 Rxc3 41.Ke3 Ra3 42.Nf5 Nb2+ 43.Ke4 Rxa4+
44.Ke5 Rb4 45.Kf6 Rb6+ 46.Kg5 a4 47.Rc1 a3 48.Rxc7 Rg6+ 49.Kh5 Ra6 50.Ne3 a2
51.Nc2 Kg7 52.f4 Nd3 53.Na1 Rh6+ 54.Kg5 Rh1 55.Nb3 Rb1 56.Ra7 Nb4  0-1

[Event "Marshall CC"]
[Site "New York"]
[Date "1977.??.??"]
[Round "?"]
[White "Feuerstein, Arthur William"]
[Black "Shamkovich, Leonid"]
[Result "0-1"]
[WhiteElo "2365"]
[BlackElo "2485"]

1.Nf3 d5 2.g3 c6 3.Bg2 Bg4 4.d4 Nd7 5.h3 Bh5 6.O-O e6 7.Bf4 Ngf6 8.Nbd2 Be7
9.c4 O-O 10.Qb3 Qb6 11.c5 Qa6 12.Rfe1 b6 13.cxb6 axb6 14.e4 Rfc8 15.Ne5 Nxe5
16.Bxe5 Qa5 17.Nf1 Nxe4 18.Bxe4 dxe4 19.Rxe4 Qd5 20.Re3 b5 21.a3 f6 22.Bf4 Bf7
23.Qxd5 cxd5 24.h4 Ra4 25.Rd1 h6 26.Rb3 g5 27.hxg5 hxg5 28.Be3 Be8 29.f3 Rac4
30.Rbd3 Bg6 31.R3d2 Kf7 32.Bf2 b4 33.Ne3 R4c6 34.Ra1 Ra8 35.f4 gxf4 36.gxf4 Be4
37.Bg3 bxa3 38.bxa3 Rc3 39.Kf2 Rg8 40.a4 Rxg3 41.Kxg3 Rxe3+ 42.Kf2 Rh3 43.a5 Bb4
44.Rdd1 Bc3 45.Rac1 Bxa5 46.Rg1 Bb6 47.Ke2 Bd3+ 48.Kd2 Ba5+ 49.Kd1 Ke7 50.Rc5 Bb4
51.Rc6 f5 52.Kc1 Bd6 53.Rg6 Rh2 54.Kd1 Be2+ 55.Kc1 Ba3+ 56.Kb1 Bd3+ 57.Ka1 Bb2+
58.Ka2 Bxd4+ 59.Ka3 Re2 60.Rh6 Kd7  0-1

[Event "Piriapolis"]
[Site "Piriapolis"]
[Date "1977.??.??"]
[Round "3"]
[White "Trois, Francisco RT"]
[Black "Casas, Fernando"]
[Result "1/2-1/2"]
[WhiteElo "2395"]
[BlackElo "2300"]

1.Nf3 d5 2.g3 Nf6 3.Bg2 c5 4.O-O Nc6 5.d3 e5 6.c4 d4 7.e3 dxe3 8.Bxe3 Ng4
9.Bg5 f6 10.Bc1 Bf5 11.Nh4 Qxd3 12.Nxf5 Qxf5 13.h3 Nh6 14.f4 Be7 15.g4 Qd7
16.fxe5 Nxe5 17.Qxd7+ Kxd7 18.Bxb7 Rab8 19.Bd5 Nhf7 20.Rd1 Bd6 21.Nc3 h5
22.Ne4 hxg4 23.Bxf7 Nxf7 24.Bf4 Rb6 25.Rd2 Rxb2 26.Rad1 Rxd2 27.Rxd2 Ke6  1/2-1/2

[Event "Rubinstein mem"]
[Site "Polanica Zdroj"]
[Date "1977.??.??"]
[Round "2"]
[White "Lebredo, Gerardo"]
[Black "Hort, Vlastimil"]
[Result "1/2-1/2"]
[WhiteElo "2385"]
[BlackElo "2620"]

1.Nf3 d5 2.g3 Nf6 3.Bg2 c6 4.O-O Bg4 5.d3 Nbd7 6.Nbd2 e5 7.h3 Bxf3 8.Nxf3 Qc7
9.c3 Be7 10.Qc2 O-O 11.c4 d4 12.e3 dxe3 13.Bxe3 Rfe8 14.d4 exd4 15.Bxd4 Bc5
16.Bxc5 Nxc5 17.Rfe1 a5 18.Rxe8+ Rxe8 19.Re1 Rxe1+ 20.Nxe1 Nfd7 21.Nd3 Qb6
22.Nxc5 Nxc5 23.Qe2 Kf8 24.Qd2 Ne6 25.b3 Ke7 26.h4 a4 27.bxa4 Qd4 28.Qe2 g6
29.a5 Qc5 30.Qc2 Nd8  1/2-1/2

[Event "Rimavska Sobota"]
[Site "Rimavska Sobota"]
[Date "1977.??.??"]
[Round "8"]
[White "Banas, Jan"]
[Black "Fichtl, Jiri"]
[Result "1/2-1/2"]
[WhiteElo "2355"]
[BlackElo "2325"]

1.Nf3 d5 2.g3 Nf6 3.Bg2 e6 4.O-O Be7 5.d3 O-O 6.Nbd2 Nc6 7.e4 dxe4 8.dxe4 Na5
9.c3 c6 10.Qc2 Bc5 11.Nc4 Qe7 12.Be3 Rd8 13.Bxc5 Qxc5 14.Ne3 h6  1/2-1/2

[Event "Santos Lugares"]
[Site "Santos Lugares"]
[Date "1977.??.??"]
[Round "3"]
[White "Rossetto, Hector"]
[Black "Guimard, Carlos E"]
[Result "0-1"]
[WhiteElo "2410"]
[BlackElo "2410"]

1.Nf3 d5 2.g3 c6 3.Bg2 Nf6 4.O-O Bf5 5.d3 h6 6.Nbd2 Bh7 7.b3 e6 8.Bb2 Be7
9.Re1 O-O 10.e4 a5 11.a3 Na6 12.Ne5 Nc5 13.f4 Qb6 14.Kh1 Rfd8 15.Qe2 dxe4
16.Nxe4 Ncxe4 17.dxe4 Qa6 18.Nc4 a4 19.bxa4 Rd7 20.Bc3 Rad8 21.Bf3 Bc5 22.Ba5 b6
23.Bb4 Rd4 24.Bxc5 bxc5 25.e5 Rxc4 26.exf6 gxf6 27.Bg2 Qxa4 28.Qg4+ Kh8 29.Rad1 Rcd4
30.Rxd4 cxd4 31.Qh4 Kg7 32.Qg4+ Bg6 33.Be4 f5 34.Qh4 Qa5 35.g4 fxe4 36.f5 exf5
37.gxf5 Bxf5 38.Rg1+ Bg6  0-1

[Event "SWE-ch"]
[Site "?"]
[Date "1977.??.??"]
[Round "?"]
[White "Ornstein, Axel"]
[Black "Thornblom, N."]
[Result "1-0"]
[WhiteElo "2440"]
[BlackElo "2325"]

1.Nf3 d5 2.g3 g6 3.Bg2 Bg7 4.O-O Nf6 5.b3 O-O 6.Bb2 c5 7.c4 Nc6 8.Ne5 Nxe5
9.Bxe5 Be6 10.Nc3 d4 11.Nb5 Qd7 12.Nc7 Rac8 13.Nxe6 Qxe6 14.Bxf6 Bxf6 15.Bxb7 d3
16.Bxc8 Rxc8 17.exd3 Bxa1 18.Qxa1 Qd6 19.Re1 e6 20.Re3 Qa6 21.d4 cxd4 22.Qxd4 Qxa2
23.Qd7 Rb8 24.Rf3 Rf8 25.c5 Qb1+ 26.Kg2 Qe4 27.c6 Qd5 28.Qxd5 exd5 29.Rc3 Rc8
30.c7 Kg7 31.Kf3 Kf6 32.Ke3 Ke5 33.Rc6 g5 34.f4+ gxf4+ 35.gxf4+ Kf5 36.Kd4 Kxf4
37.Kxd5  1-0

[Event "SWE-ch"]
[Site "?"]
[Date "1977.??.??"]
[Round "?"]
[White "Karlsson, Lars"]
[Black "Thornblom, N."]
[Result "1/2-1/2"]
[WhiteElo "2370"]
[BlackElo "2325"]

1.Nf3 d5 2.g3 g6 3.Bg2 Bg7 4.O-O Nf6 5.c4 c6 6.d3 dxc4 7.dxc4 Qxd1 8.Rxd1 O-O
9.Be3 Na6 10.Nbd2 Ng4 11.Bd4 Bxd4 12.Nxd4 Rd8 13.Ne4 Bf5 14.Nc3 e5 15.Nxf5 gxf5
16.Bh3 Nh6 17.Rxd8+ Rxd8 18.Rd1 Rd4 19.e3 Rxd1+ 20.Nxd1 Nc5 21.Bf1 Kf8 22.Nc3 a5
23.f3 Ke7 24.Kg2 Ng8 25.Kh3 Nf6 26.Kh4 h6 27.Bh3 Nd3 28.Bxf5 Ne1 29.f4 Ng2+
30.Kh3 Nxe3 31.Bc8 exf4 32.gxf4 Nxc4 33.Bxb7 Nxb2 34.Bxc6 Nd3 35.f5 Kd6 36.Ba4 Nc5
37.Bc2 Ke5 38.Kh4 Nb7 39.Na4 Kd4 40.Kg3 Nd6 41.Kf3 Nd5 42.Nb2 Ne3 43.Bb3 Nexf5
44.Kf4 Ng7 45.Nd1 f5 46.Ne3 Nh5+ 47.Kf3 Ke5 48.Bc2 Ng7 49.Bb3 h5 50.h4 f4
51.Nc4+ Nxc4 52.Bxc4 Nf5 53.Bf7 Nxh4+ 54.Kf2 Nf5 55.Bxh5 Nd4 56.a4 Kd5 57.Be8 Kc4
58.Bf7+ Kb4 59.Be8 Kc4 60.Bf7+ Kc3 61.Be8 Kb4 62.Kg2 Kc5 63.Kf2 Kd6 64.Bh5 Ke6
65.Be8 Kf6 66.Bd7 Ne6 67.Bxe6 Kxe6 68.Kf3 Ke5 69.Kf2 Ke4 70.Ke2 f3+ 71.Kf2 Kf4
72.Kf1 Ke3 73.Ke1 Kd3 74.Kf2 Kc3 75.Kxf3 Kb3 76.Ke2 Kxa4 77.Kd1 Kb3 78.Kc1  1/2-1/2

[Event "Vrbas"]
[Site "Vrbas"]
[Date "1977.??.??"]
[Round "11"]
[White "Andersson, Ulf"]
[Black "Rajkovic, Dusan"]
[Result "1/2-1/2"]
[WhiteElo "2565"]
[BlackElo "2495"]

1.g3 d5 2.Nf3 Nf6 3.Bg2 c6 4.O-O Bg4 5.d3 e6 6.Nbd2 Be7 7.b3 O-O 8.Bb2 a5
9.a3 Nbd7 10.c4 h6 11.Rc1 Ne8 12.Qc2 Bf6 13.Rfe1 Bxb2 14.Qxb2 Nef6 15.Ne5 Nxe5
16.Qxe5 Qb8  1/2-1/2

[Event "Yerevan"]
[Site "Yerevan"]
[Date "1977.??.??"]
[Round "3"]
[White "Arutiunov, Albert"]
[Black "Malevinsky, Alexander A"]
[Result "0-1"]
[WhiteElo "2200"]
[BlackElo "2440"]

1.Nf3 d5 2.g3 c5 3.Bg2 Nc6 4.O-O Nf6 5.d3 e6 6.Nbd2 Be7 7.e4 O-O 8.Re1 Bd7
9.c3 b5 10.e5 Ne8 11.Nf1 f6 12.exf6 Bxf6 13.h4 Nd6 14.N1h2 Nf7 15.d4 cxd4
16.cxd4 Qb6 17.Be3 Nd6 18.Ne5 Qb7 19.Nhg4 Nf5 20.Nxf6+ Rxf6 21.Bg5 Rff8 22.Nxc6 Qxc6
23.Bf4 Rac8 24.Rc1 Qb6 25.Be5 Rxc1 26.Qxc1 Nxd4 27.Qg5 Nf5 28.Rc1 h6 29.Qg4 Rf7
30.Rc3 b4 31.Rc7 a5 32.h5 a4 33.Bf3 b3 34.a3 Ne3 35.Qg6 Nc4  0-1

[Event "Yerevan"]
[Site "Yerevan"]
[Date "1977.??.??"]
[Round "7"]
[White "Lutikov, Anatoly S"]
[Black "Malevinsky, Alexander A"]
[Result "0-1"]
[WhiteElo "2540"]
[BlackElo "2440"]

1.Nf3 d5 2.g3 Nf6 3.Bg2 Bf5 4.b3 e6 5.Bb2 Bc5 6.O-O O-O 7.d4 Bb6 8.c4 c6
9.Nc3 h6 10.Na4 Bc7 11.Nc5 Qc8 12.Nd2 Nbd7 13.e4 Bg4 14.f3 Bh5 15.Nxd7 Qxd7
16.e5 Nh7 17.Qe2 f5 18.exf6 Rxf6 19.Qe3 g5 20.b4 Raf8 21.a4 Bg6 22.Rf2 h5
23.Bf1 h4 24.Rg2 hxg3 25.hxg3 Bf5 26.Bd3 Rh6 27.Re1 Bh3 28.Nf1 Bxg2 29.Kxg2 Qf7
30.cxd5 cxd5 31.Bc1 Qh5 32.Re2 Qh1+ 33.Kf2 Bxg3+ 34.Nxg3 Rh2+  0-1

[Event "JUG-ch"]
[Site "Zagreb"]
[Date "1977.??.??"]
[Round "1"]
[White "Marangunic, Srdjan"]
[Black "Kurajica, Bojan"]
[Result "1/2-1/2"]
[WhiteElo "2470"]
[BlackElo "2530"]

1.g3 d5 2.Nf3 Nf6 3.Bg2 e6 4.O-O Be7 5.c4 O-O 6.d4 Nbd7 7.cxd5 exd5 8.Nc3 b6
9.Bf4 Bb7 10.Rc1 c6 11.Ne5 Nxe5 12.Bxe5 Nd7 13.Bf4  1/2-1/2